01770nam a2200385 c 450000100060000000300100000600500170001600700030003300800410003602000180007704000350009504100130013008200200014310000300016324501640019324600300035725000230038726400510041030000420046133600270050333700330053033800280056350000210059152004400061252100530105253400270110558600400113265000270117265000380119965000430123765000320128070000250131270000230133770000240136059741CO-BoRNBP20251031150445.0ta250202s2025 ck a ||gr ||| 00| 0 spa d a9789585532823 aCO-BoRNBPbspaerdacCO-BoRNBP1 aspahita04a596.9bC66y223 aCoppens, Yvesd1934-eaut10aYves Coppens narra los orígenes del hombre /cYves Coppens ; texto compilado por Soizik Moreau ; ilustraciones de Sacha Gepner ; traducción Juanita Cajiao.33aLos orígenes del hombre aEdición especial 1aBogotá, Colombia :bCangrejo Editores,c2025 a61 páginas :bilustraciones a color atextobtxt2rdacontent asin mediaciónbn2rdamedia avolumenbnc2rdacarrier aIncluye glosario aLos orígenes del hombre obtuvo reconocimiento como el mejor libro de divulgación, con el Premio Hans Christian Andersen 2008. En él, Yves Coppens narra a su hijo la fascinante historia de los orígenes del hombre y para ello lo acompaña un artista, Sacha Gepner, cuya obra plasma todo el encanto y el misterio que esta narración tiene para el lector. Nadie podría contar mejor esta historia del amanecer de la humanidad... aRecomendado para un público mayor de 18 años tLe origini dell´ Uomo aPremio Hans Christian Andersen 200807aEvolucion Humana2LEMB07aOrigen de la vidaxHistoria2lemb07aOrigen de las especiesxHistoria2lemb07aPrimatesxEvolución2lemb aCaijao, Juanitaetrl aGepmer, Sachaeill aMoreau, Soizikecom